000
00210 a2200097 4500
001
10348
100
_a
Brown, O F
245
_a
Elements of radio communication
260
_a
_b
Oxford
_c
090
_c
8002
_d
8002
942
_a
NUST-CAE
_c
Gen
_c
34715
999
_c
245421
_d
245421